A morte (Registo nº 35355)
[ vista simples ]
| 000 -Etiqueta do registo | |
|---|---|
| Valores | 00572nam a2200229 4500 |
| 010 ## - Número ISBN | |
| ISBN | 9789898424334 |
| 021 ## - Número do Depósito Legal | |
| Código do país | Portugal |
| 100 ## - Dados gerais de processamento | |
| Dados gerais | 20221111 frey50 |
| 101 0# - Língua de publicação | |
| Língua | Português |
| 102 ## - País de publicação | |
| País | Portugal |
| 200 1# - Titulo e menção de responsabilidade | |
| Título próprio | A morte |
| Primeira menção de responsabilidade | Maria Filomena Mónica |
| 210 ## - Publicação | |
| Local de publicação | Lisboa |
| Nome do editor | Fundação Francisco Manuel dos Santos, |
| Data de publicação | 2011 |
| 215 ## - Descrição física | |
| Paginação / Volumes | 82 p |
| Dimensões | 20 cm |
| 225 2# - Colecção | |
| Título próprio da colecção | Ensaios da fundação |
| Indicação de volume | 18 |
| 606 ## - Nome comum usado como assunto | |
| Palavra de ordem | Morte |
| 675 ## - CDU | |
| Notação | 128/129 |
| Edição | BN |
| Língua | por |
| 700 #1 - Autor principal | |
| Apelido | Mónica, |
| Nome | Maria Filomena, |
| Datas | 1943- |
| 801 #0 - Fonte de origem | |
| País | PT |
| Agência | RMBL |
| Regras de catalogação | RPC |
| 090 ## - Tipo de documento | |
| Koha biblioitem number (autogenerated) | 35355 |
| 990 ## - Elementos KOHA | |
| Tipo de documento | Livro |
| 994 ## - Estado da catalogação | |
| Situação | Completo |
| Situação do levantamento | Situação do extravio | Biblioteca de origem | Biblioteca de empréstimo | Código de barras | Cota | Permissão de empréstimo | Tipo de documento | Forma de aquisição |
|---|---|---|---|---|---|---|---|---|
| Completo | Biblioteca da Escola Básica e Secundária Dr Isidoro de Sousa | Biblioteca da Escola Básica e Secundária Dr Isidoro de Sousa | 7924 | 128 MON | Disponível | Livro | ||
| Completo | Biblioteca da Escola Básica e Secundária Dr Isidoro de Sousa | Biblioteca da Escola Básica e Secundária Dr Isidoro de Sousa | 7922 | 128 MON | Disponível | Livro | ||
| Completo | Biblioteca da Escola Básica e Secundária Dr Isidoro de Sousa | Biblioteca da Escola Básica e Secundária Dr Isidoro de Sousa | 7923 | 128 MON | Disponível | Livro |